Mesa cultural

Furkejuvvon:
Bibliográfalaš dieđut
Searvvušdahkki: Instituto de Cooperación Iberoaméricana
Materiálatiipa: Texto
Almmustuhtton: Madrid: Huertas
Fáddágilkorat: Lasit fáddágilkoriid
Eai fáddágilkorat, Lasit vuosttaš fáddágilkora!

MARC

LEADER 00000 a a2200000 04500
001 25462
003
040
090 |a 152525  
110 |a Instituto de Cooperación Iberoaméricana  
245 |a Mesa cultural  
260 |a Madrid:   |b Huertas  
300 |a 516 p.   |b il.  
999 |c 16997  |d 16997